Welcome to the Holygrace Academy Library

Please use search bar below to get started

VAZHITHIRIVU (Record no. 5106)

MARC details
000 -LEADER
fixed length control field 00270nam a22001337a 4500
082 ## - DEWEY DECIMAL CLASSIFICATION NUMBER
Classification number 894.812.3
Item number HAR/V
100 ## - MAIN ENTRY--AUTHOR NAME
Personal name PULLUTT, HARI
245 ## - TITLE STATEMENT
Title VAZHITHIRIVU
260 ## - PUBLICATION, DISTRIBUTION, ETC. (IMPRINT)
Place of publication ALUVA
Name of publisher PEN BOOKS LTD
Year of publication 2004
300 ## - PHYSICAL DESCRIPTION
Number of Pages 79
520 ## - SUMMARY, ETC.
Summary, etc NOVEL
650 ## - SUBJECT ADDED ENTRY--TOPICAL TERM
Topical Term NOVEL
942 ## - ADDED ENTRY ELEMENTS (KOHA)
Koha item type Books
Holdings
Withdrawn status Lost status Collection code Home library Current library Shelving location Date acquired Source of acquisition Cost, normal purchase price Full call number Accession Number Koha item type
    Fiction Main Library Main Library SHELF-16- J- MALAYALAM NOVELS,FICTIONS 29/01/2019 Purchase 45.00 894.812.3 HAR/V 10775 Books